00326nam a2200121Ia 4500003000400000008004100004040001600045082001800061245005400079260005500133300001100188490000500199GCL140319s9999 xx 000 0 ara d aGCL / cGCL04a371.42bم ا10aاساسيات فى الارشاد التربوى a[S.N] : bدار المريخ للنشر ، c1985 a232 ص a